000 01110nam0a2200325 4500
001 RU\NLR\bibl\55798
005 20250616085700.0
010 _a5-7024-0914-0
_953000
021 _aRU
_b99-33030
_91626
035 _a(NLR Aleph) 000054408
090 _a293287
_c293287
100 _a19991029d1999 |||y0rusy50 ca
101 1 _arus
_ceng
102 _aRU
105 _ay |||||||||
200 1 _aКто ты?
_eРоман
_fЛилиан Колберт
_g[Пер. с англ. С.С. Смирнова]
210 _aМ.
_cМеждунар. журн. "Панорама"
_d1999
215 _a182 с.
_d17
225 1 _aПанорама романов о любви
311 _aЛит.-худож. прил. к междунар. журн. "Панорама"
422 0 _12001#$aПанорама$eМеждунар. журн.
_tПанорама
686 _aШ6(4Вл)67-440.4
700 1 _aКолберт
_bЛ.
_gЛилиан
_4070
801 0 _aRU
_bNLR
_c19991029
_gPSBO
801 1 _aRU
_bNLR
_c19991029
852 _aNLR
_j99-2/2403
942 _cBOOK
980 _aNB